|
|
|
|
| LEADER |
00854pam a22002658a 4500 |
| 001 |
00021497 |
| 005 |
20171026081023.0 |
| 008 |
110525s1983 ||||||Viesd |
| 041 |
0 |
# |
|a Vie
|
| 082 |
1 |
4 |
|a 611
|b GI103PH
|
| 100 |
0 |
# |
|a Trần Xuân Nhỉ
|
| 245 |
0 |
0 |
|a Giải phẫu và sinh lí người
|c Trần Xuân Nhỉ
|
| 250 |
# |
# |
|a In lần thứ 2
|
| 260 |
# |
# |
|a H.
|b Giáo dục
|c 1983
|
| 300 |
# |
# |
|a 232 tr.
|c 26 cm.
|
| 500 |
# |
# |
|a Sách cao đẵng sư phạm
|
| 650 |
# |
4 |
|a Giải phẩu
|
| 653 |
# |
# |
|a Con người
|
| 653 |
# |
# |
|a Sinh lý
|
| 852 |
# |
# |
|b Kho mượn
|j KGT.0007939
|
| 852 |
# |
# |
|b Kho đọc
|j KD.0007788
|
| 852 |
# |
# |
|j KD.0007788
|j KGT.0007939
|
| 852 |
# |
# |
|j KGT.0007939
|b Kho giáo trình
|
| 910 |
0 |
# |
|a nhnam
|d 25/05/2011
|
| 980 |
# |
# |
|a Trung tâm Học liệu Lê Vũ Hùng, Trường Đại học Đồng Tháp
|